| 000 | 00976nam a22002297a 4500 | ||
|---|---|---|---|
| 999 |
_c5681 _d5681 |
||
| 003 | AR-CdUCM | ||
| 008 | 190313b ||||| |||| 00| 0 spa d | ||
| 040 |
_aMUNICIPALIDAD PROVINCIAL DEL CUSCO _cBIBLIOTECA MUNICIPAL DEL CUSCO |
||
| 082 |
_a869.5 / _bN97 |
||
| 100 |
_aNúñez, Estuardo _92660 |
||
| 245 |
_aAutores germanos en el Perú : _bFlorilegio de la poesía alemana en versiones peruanas / |
||
| 260 |
_aLima : _bMinisterio de Educación Pública, Dirección de Educación Artística y Extensión Cultural, _c1953. |
||
| 300 |
_a192 páginas ; _c22 cm. |
||
| 500 | _aDonación familia Nieto | ||
| 505 | _aContenido:La literatura Alemana en el Perú -- Goethe en el Perú -- Criticismo e hispanismo en Lessing y su vigencia en el Perú -- Enrique Heine en el Perú... | ||
| 650 |
_aLiteratura peruana _9169 |
||
| 650 |
_aInfluencia alemana _916932 |
||
| 650 |
_aTraducciones al alemán _916933 |
||
| 650 |
_aAlemanes _916934 |
||
| 942 |
_2ddc _cLIBROS |
||
| 945 | _adavv | ||